000 00600nam a22002177a 4500
001 77291
003 BD-RjUL
005 20211209082944.0
008 200311s1951 e ||||| |||| 00| 0 eng d
035 _a(BD-RjUL)77516
040 _aBD-RjUL
_beng
_cBD-RjUL
041 _aeng
082 _223
_a821.9
_bHOA 1951
100 _a Hoggart, Richard
_9240715
245 _aAuden : an introductory essay /
_cRichard Hoggart
260 _aLondon :
_bChatto & Windus,
_c1951.
300 _a256 p. ;
_c22 cm
500 _aIncludes Index
600 _aAuden, W. H. (Wystan Hugh),
_9240717
942 _2ddc
_cBK
999 _c77291
_d77291